Semanas Santas que son Fiestas de Interés Turístico - Estadísticas

Estadísticas generales
  • Esta prueba ha sido intentada 1.908 veces
    1.880 desde el último reinicio
  • La puntuación promedio es 22 de 57
Estadísticas de respuestas
Tipo Ciudad % Correcto
Internacional Sevilla
98%
Internacional Málaga
88%
Nacional Cádiz
82%
Nacional Córdoba
81%
Internacional Granada
79%
Nacional Valencia
76%
Nacional Almería
73%
Internacional Toledo
69%
Internacional Murcia
67%
Internacional Valladolid
66%
Internacional León
65%
Internacional Salamanca
64%
Nacional Alicante
63%
Internacional Zaragoza
63%
Internacional Badajoz
62%
Internacional Cáceres
62%
Internacional Zamora
60%
Nacional Albacete
59%
Nacional Burgos
59%
Nacional Ciudad Real
57%
Nacional Ruta de la Pasión de Calatrava(Ciudad Real)
57%
Nacional Segovia
57%
Internacional Ávila
55%
Internacional Cuenca
55%
Internacional Ruta del Tambor y el Bombo(Teruel)
52%
Nacional Teruel
52%
Internacional Palencia
51%
Nacional Jerez de la Frontera
49%
Nacional Jerez de los Caballeros
49%
Internacional Mérida
45%
Internacional Cartagena
38%
Nacional Logroño
31%
Internacional Lorca
20%
Nacional Alcalá de Henares
18%
Internacional Ferrol
14%
Nacional Ponferrada
14%
Nacional Astorga
10%
Internacional Medina del Campo
10%
Internacional Medina de Rioseco
10%
Internacional Orihuela
10%
Internacional Hellín
9%
Nacional Sagunto
7%
Nacional Gandía
6%
Internacional Cieza
5%
Internacional Jumilla
5%
Nacional Baena
4%
Nacional Cabra
4%
Nacional Calagurritana(Calahorra)
4%
Internacional Mula
4%
Nacional Tobarra
4%
Internacional Vivero
4%
Nacional Barbastro
3%
Internacional Crevillente
3%
Nacional Sahagún
3%
Nacional Alcira
2%
Nacional Ocaña
2%
Nacional Riogordo
2%
No se encontraron pruebas coincidentes
Distribución de puntuación
Porcentaje de gente con cada puntuación
Porcentaje por número respondido
Historial de tus puntuaciones
No has intentado esta prueba desde el último reinicio